Österreich nach Buchstabe - M - Statistiken

Allgemein
  • Dieses Quiz wurde 69 mal gespielt
  • Das Durchschnittsergebnis liegt bei 11 aus 20
Antwortstatistiken
Hinweis Antwort % Korrekt
Ski-Legende, "Herminator" Maier
89%
Salzburger Komponist Mozart
89%
Schnittenhersteller Manner
78%
Ort des größten Konzentrationslagers und heutiger Gedenkstätte Mauthausen
69%
Kaffee mit Milchschaumhaube (z.B. Wiener...) Melange
67%
Längster Fluss der Steiermark, fließt durch Graz und Leoben Mur
67%
1740-1780 Erzherzogin, führte die Schulpflicht ein Maria Theresia
64%
Tiefster und wasserreichster See Kärntens Millstätter See
60%
Viertel von Oberösterreich Mühlviertel
56%
Hier können Sie unter anderem den Petersdom und das Taj Mahal besichtigen Minimundus
55%
Viertel von Niederösterreich Mostviertel
55%
Berühmter Wallfahrtsort Mariazell
47%
Wiener Bezirk mit Schloss Hetzendorf Meidling
47%
Schloss in der Stadt Salzburg Mirabell
47%
Hauptfigur in "Ein echter Wiener geht nicht unter" (Rufname) Mundl Sackbauer
47%
Wiener Bezirk mit dem Naschmarkt und dem Haus des Meeres Mariahilf
40%
Renommierte Universität in Leoben Montanuniversität
36%
Österreichs Sportlerin des Jahrhunderts und internationale Skisportlerin des Jahrhunderts Moser-Pröll
36%
Wiener Bezirk in dem Bruno Kreisky und Falco aufwuchsen Margareten
35%
Tal im Süden Vorarlbergs, das von der Ill durchflossen wird und eine der wichtigsten Tourismusregionen ist Montafon
33%
Keine übereinstimmenden Quizze gefunden
Verteilung der Resultate
Anzahl Personen mit jedem Resultat
Perzentil nach korrekt beantworteten Fragen
Ihre Resultats-Entwicklung
Sie haben dieses Quiz noch nicht gespielt